00959 2200229 4500001002100000005001700021008004100038035002500079040000600104082001400110084001900124100001900143245027800162260006000440300003100500500009000531504002800621650003900649700001100688850001200699990001800711INLIS00000000000945320150810125558.0  a0010-081500000000891 a\ 223a510.7 aSK 510.7 Did H aDIDIK Winarsih aHubungan antara kemapuan berfikir logis, akticvitas belajar dan prestasi siswa terhadap cara mengajar guru dengan prestasi belajar matematika pokok bahasan perbandingan trigonometri siswa kelas X semester genap SMA piri 2 Yogyakarta tahun ajaran 2004/2005c/ Didik Winarsih aYogyakartabUniversitas Sarjanawiyata Taman Siswac2005 axii, 67 lembarc; 29,5 cm. aSkripsi Jurusan/Program Studi Pendidikan Fisika Fakultas Keguruan dan Ilmu Pendidikan aBibliografi: hlm. 66-67 aMatematika -- studi dan pengajaran aSUJADI aYOPDYOG a47673-PD/A.15